Statistics for Every Club in the Top 5 European Leagues

Click here to take the quiz!

General Stats

  • This quiz has been taken 108 times
    (89 since last reset)
  • The average score is 65 of 96

Answer Stats

Premier League% Correct
Manchester City Football Club
97%
Manchester United Football Club
97%
Real Madrid Club de Fútbol
97%
Arsenal Football Club
96%
Liverpool Football Club
96%
Futbol Club Barcelona
94%
Chelsea Football Club
93%
Aston Villa Football Club
91%
Club Atlético de Madrid
91%
Luton Town Football Club
91%
Tottenham Hotspur Football Club
91%
Associazione Calcio Milan
90%
Crystal Palace Football Club
90%
Fußball-Club Bayern München
90%
West Ham United Football Club
90%
Associazione Sportiva Roma
89%
Ballspielverein Borussia 09
89%
Football Club Internazionale Milano
89%
Juventus Football Club
89%
Wolverhampton Wanderers Football Club
89%
Brighton & Hove Albion Football Club
87%
Everton Football Club
87%
Newcastle United Football Club
87%
AFC Bournemouth
86%
Amsterdamsche Football Club Ajax
86%
Nottingham Forest Football Club
86%
Real Betis Balompié
86%
Sevilla Fútbol Club
86%
Athletic Club Bilbao
84%
Girona Futbol
84%
Valencia Club de Fútbol
84%
Alkmaar Zaanstreek
83%
Bayer 04 Leverkusen Fußball GmbH
83%
Brentford Football Club
83%
Fulham Football Club
83%
Società Sportiva Calcio Napoli
83%
Burnley Football Club
81%
Sheffield United Football Club
81%
Società Sportivo Lazio
81%
Atalanta Bergamasca Calcio
77%
Bologna Football Club 1909
76%
Borussia Mönchengladbach
74%
Feyenoord Rotterdam
74%
Real Sociedad de Fútbol
74%
1. Fußball Union Berlin
73%
RasenBallsport Leipzig
73%
Verein für Leibesübugen Wolfsburg
73%
Torino Football Club
71%
Villarreal Club de Fútbol
71%
1. Fußball-Club Köln 01/07
70%
Eintracht Frankfurt
70%
Associazione Calcio Firenze Fiorentina
69%
Getafe Club de Fútbol
69%
Unión Deportiva Almería
69%
Real Club Celta de Vigo
67%
Real Club Deportivo Mallorca
67%
Cádiz Club de Fútbol
66%
Deportivo Alavés
66%
Unión Deportiva Las Palmas
66%
Verein für Bewegungsspiele Stuttgart 1893
66%
Genoa Football Club
64%
Sportverein Werder Bremen von 1899
64%
Granada Club de Fútbol
61%
Udinese Calcio
61%
Cagliari Calcio
60%
Turn- und Sportgemeinschaft 1899 Hoffenheim
60%
Unione Sportiva Sassuolo Calcio
60%
Associazione Calcio Monza
59%
Empoli Football Club
57%
Unione Sportiva Lecce
57%
Club Atlético Osasuna
56%
Fußball-Club Augsburg 1907
56%
Hellas Verona Football Club
56%
Sport-Club Freiburg
56%
1. Fußball- und Sport-Verein Mainz 05
54%
1. FC Heidenheim 1846
53%
Rayo Vallecano de Madrid
53%
Unione Sportiva Salernitana 1919
53%
Sparta Rotterdam
50%
Frosinone Clacio
49%
Sportverein Darmstadt 1898
49%
Verein für Leibesübungen Bochum 1848 Fußballgemeinschaft
49%
Football Club Utrecht
43%
Football Club Twente
39%
Go Ahead Eagles
30%
SBV Vitesse Arnhem
29%
Sportclub Heerenveen
29%
NEC Nijmegen
21%
Fortuna Sittard
19%
Excelsior Rotterdam
17%
Almere City Football Club
16%
Football Club Volendam
16%
PEC Zwolle
16%
Heracles Almelo
13%
Philips Sport Vereniging Eindhoven
11%
RKC Waaleijk
3%

Score Distribution

Percentile by Number Answered

Percent of People with Each Score

Your Score History

You have not taken this quiz since the last reset